Shakespeare Top 30 Minefield Quiz Stats

 Plays Quiz Updated Jun 12, 2015

Challenge
Share
Tweet
Embed
Score 0/31 Timer 10:00
0 Plays Today
# of Lines Character % Correct
1506???
69.2%
880???
58.8%
617???
55.8%
715???
41.8%
749???
38%
1031???
36.4%
685???
34.1%
1088???
29.6%
602???
22%
641???
18.5%
594???
18%
656???
17.5%
722???
16.3%
839???
13.6%
678???
13.2%
847???
12.2%
# of Lines Character % Correct
850???
10.3%
686???
9.3%
Mine???
8.4%
711???
7%
572???
7%
685???
6.9%
675???
6%
748???
4.8%
574???
4.3%
589???
3.2%
602???
2.6%
592???
2.4%
559???
2.3%
578???
1.5%
593???
1.3%

You're not logged in!

Compare scores with friends on all Sporcle quizzes.
OR
Log In

You Might Also Like...

Show Comments

Extras

Top Quizzes Today


Score Distribution

Your Account Isn't Verified!

In order to create a playlist on Sporcle, you need to verify the email address you used during registration. Go to your Sporcle Settings to finish the process.

Report this User

Report this user for behavior that violates our Community Guidelines.

Details: